02212 2200349 4500001002100000005001500021035002000036007000300056008004100059020001800100082001000118084001600128245009100144250001900235300003800254502126700292264003101559336002101590337003001611338002301641100003101664650002101695710001801716990001601734990001601750990001601766990001601782990001601798990001601814990001601830990001601846INLIS00000000000007520260428101116 a0010-0426000074ta260428 g u ind  a9786230057182 a005.5 a005.5 YUD m1 aMengungkap kedahsyatan 300+ rumus excel untuk pemula /cYudhy wicaksono, Solusi kantor aCetakan Ketiga a324 halaman :bilustrasi ;c21 cm aSalah satu kunci sukses untuk menguasai Excel adalah kemampuan dalam menggunakan rumus Excel secara efektif, efisien, dan profesional. Jika Anda menguasai kemampuan tersebut, pekerjaan Anda sehari-hari tentu dapat diselesaikan dengan mudah dan cepat. Buku ini membahas secara lengkap penggunaan rumus Excel dalam dunia bisnis, pendidikan, dan perkantoran sehari-hari. Pembahasan buku yang lebih mengedepankan praktik dibandingkan teori menjadikan buku ini cocok digunakan oleh siapa saja, baik Anda yang sudah terbiasa menggunakan rumus Excel ataupun Anda yang belum pernah menggunakan rumus Excel sama sekali. Ditulis dengan bahasa yang singkat dan sederhana menjadikan buku ini cocok digunakan sebagai referensi untuk meningkatkan kemahiran Anda dalam menggunakan rumus Excel. Buku ini disusun dengan pembahasan yang ringan, sederhana, dan to the point sehingga sangat cocok digunakan oleh pengguna Excel pemula yang ingin mempelajari dan menguasai rumus Excel dalam waktu singkat. Pembahasan dalam buku ini dapat diaplikasikan untuk Excel 2007, 2010, 2013, 2016, 2019, 2021, dan Excel 365. Materi pembahasan dilengkapi ratusan file latihan dan file hasil latihan yang dapat didownload secara gratis agar proses belajar menjadi lebih efektif dan efisien. aJakarta :bGramedia,c2025 2rdacontentaTeks 2rdamediaaTanpa Perantara 2rdacarrieraVolume0 aYudhy wicaksonoePengarang 4aProgram Komputer0 aSolusi kantor aAT000154/25 aSP000469/25 aPP000657/25 aWB000781/25 aPP000496/25 aTT001310/25 aNM001420/25 aPT002537/25